000 00880cam a22002651 4500
001 e 40000500
003 DLC
005 20260227111229.0
008 881109s1940 kyu s000 0 eng c
010 _ae 40000500
035 _a(OCoLC)18726968
040 _aU.S. Off. of Educ. Library
_cMsU
_dDLC
042 _apremarc
050 0 0 _aL152
_b.B35 vol. 8, no. 3
082 _a370.7
110 1 _aKentucky.
_bDepartment of Education.
245 1 0 _aTeacher education and certification ...
260 _a[Frankfort]
_bDept. of Education
_c[1940]
300 _a[169]-232 p.
_c23 cm.
490 1 _aIts Educational bulletin,
_vvol. VIII, no. 3
500 _aAt head of title: Commonwealth of Kentucky.
650 0 _aTeachers
_xCertification
_zKentucky.
700 1 _aJaggers, Richard Elmer,
_d1891-
_ecomp.
830 0 _aEducational bulletin (Frankfort, Ky.) ;
_vvol. VIII, no. 3.
999 _c21732
_d21732